| 000 | 00512nam a2200193Ia 4500 | ||
|---|---|---|---|
| 005 | 20250508165456.0 | ||
| 008 | 008 250505s9999 xx 000 0 eng d | ||
| 037 | _aTextual | ||
| 040 |
_aFEDL _beng _cFEDL |
||
| 041 |
_aeng _2eng |
||
| 084 |
_aB, MAT _qFEDL |
||
| 100 | _aZachariah Mathew | ||
| 245 | 0 | _aMaking anew my home: A memoir | |
| 260 |
_aVictoria _bFriesen Press _c2014 |
||
| 300 | _axii,226p. | ||
| 546 | _aGifted by the Author | ||
| 942 |
_cTEXL _hB, MAT |
||
| 999 |
_c1395321 _d1395321 |
||